Sporcle Categories Typing Blitz Quiz Stats

 Plays Quiz not verified by Sporcle

Support Sporcle.
Go Orange.
Score 0/16 Timer 00:30
0 Plays Today
Category Type Here % Correct
????
100%
????
98.8%
????
97.5%
????
97.5%
????
97.5%
????
97.5%
????
97.5%
????
93.8%
Category Type Here % Correct
????
91.3%
????
90%
????
88.8%
????
86.3%
????
83.8%
????
76.3%
????
60%
????
26.3%

You're not logged in!

Compare scores with friends on all Sporcle quizzes.
OR
Log In

From the Vault

Anyone but Ron Weasley

by ceciliacarlid

That's a little harsh. Poor, Ron!
Remove Ads.
Support Sporcle.
Get the best of Sporcle when you Go Orange. This ad-free experience offers more features, more stats, and more fun while also helping to support Sporcle. Thank you for becoming a member.

Show Comments

Extras

Top Quizzes Today


Score Distribution

Your Account Isn't Verified!

In order to create a playlist on Sporcle, you need to verify the email address you used during registration. Go to your Sporcle Settings to finish the process.

Report this User

Report this user for behavior that violates our Community Guidelines.

Details: